000
00444nam a2200133Ia 4500
008
151001s9999||||xx |||||||||||||| ||und||
100
_a
सदाशिव आठवले
245
_a
रामशास्त्री प्रभुणे चरित्र व पत्रे
250
_a
1
260
_b
श्रीविद्या प्रकाशन पुणे
260
_c
1990
300
_a
167
365
_b
21
999
_c
967756
_d
967753